<?xml version="1.0" encoding="UTF-8"?>
<record
    xmlns:xsi="http://www.w3.org/2001/XMLSchema-instance"
    xsi:schemaLocation="http://www.loc.gov/MARC21/slim http://www.loc.gov/standards/marcxml/schema/MARC21slim.xsd"
    xmlns="http://www.loc.gov/MARC21/slim">

  <leader>01406nam a2200205Ia 4500</leader>
  <controlfield tag="001">b6318-44714 </controlfield>
  <controlfield tag="003">IT-MiCISF</controlfield>
  <controlfield tag="008">161014s9999||||xx |||||||||||||| ||und||</controlfield>
  <datafield tag="040" ind1=" " ind2=" ">
    <subfield code="a">IT-MiCISF</subfield>
    <subfield code="c">IT-MiCISF</subfield>
  </datafield>
  <datafield tag="041" ind1=" " ind2=" ">
    <subfield code="a">it</subfield>
  </datafield>
  <datafield tag="100" ind1=" " ind2=" ">
    <subfield code="a">Cavina Marco</subfield>
  </datafield>
  <datafield tag="245" ind1=" " ind2="0">
    <subfield code="a">Il padre spodestato</subfield>
    <subfield code="b">L'autorit&#xE0; paterna dall'antichit&#xE0; a oggi</subfield>
  </datafield>
  <datafield tag="250" ind1=" " ind2=" ">
    <subfield code="a">1a ed.</subfield>
  </datafield>
  <datafield tag="260" ind1=" " ind2=" ">
    <subfield code="a"> Roma-Bari</subfield>
    <subfield code="b">Laterza</subfield>
    <subfield code="c">2007</subfield>
  </datafield>
  <datafield tag="300" ind1=" " ind2=" ">
    <subfield code="a">pp. X-359</subfield>
  </datafield>
  <datafield tag="500" ind1=" " ind2=" ">
    <subfield code="a"> / paternit&#xE0;, storia, diritto, educazione-bambini, societ&#xE0;, potest&#xE0;-genitoriale, autorit&#xE0;-parentale / Dagli altari alla polvere, dalla monarchia dei padri alla monarchia dei figli, la parabola del potere paterno tocca oggi il suo minimo. I padri moderni subiscono, soprattutto se separati, discriminazioni e svantaggi, eredit&#xE0; paradossale e coatta dalla tirannide esercitata per millenni dai loro antichi predecessori: ai diritti del padre sono anteposti gli inalienabili diritti del figlio. In un saggio di ampio respiro l'A. traccia la storia plurisecolare della costruzione e del progressivo smantellamento di un mito fondante dell'uomo nella societ&#xE0;: il padre come colonna dell'ordine domestico e sociale; il padre come referente del potere politico e religioso; il padre come veicolo della tradizione e dell'esperienza tra le generazioni.</subfield>
  </datafield>
  <datafield tag="650" ind1=" " ind2=" ">
    <subfield code="a"> Genitorialit&#xE0; e problemi educativi / genitorialit&#xE0;</subfield>
    <subfield code="e">004</subfield>
  </datafield>
  <datafield tag="942" ind1=" " ind2=" ">
    <subfield code="c">BK</subfield>
  </datafield>
  <datafield tag="957" ind1=" " ind2=" ">
    <subfield code="7">1</subfield>
  </datafield>
  <datafield tag="999" ind1=" " ind2=" ">
    <subfield code="a">44714</subfield>
    <subfield code="b">si</subfield>
    <subfield code="g">1</subfield>
    <subfield code="c">210737</subfield>
    <subfield code="d">210737</subfield>
  </datafield>
  <datafield tag="952" ind1=" " ind2=" ">
    <subfield code="0">0</subfield>
    <subfield code="1">0</subfield>
    <subfield code="4">0</subfield>
    <subfield code="6">B_631844714</subfield>
    <subfield code="7">1</subfield>
    <subfield code="a">CISF</subfield>
    <subfield code="b">CISF</subfield>
    <subfield code="d">2016-10-14</subfield>
    <subfield code="l">0</subfield>
    <subfield code="o">b6318-44714 </subfield>
    <subfield code="r">2016-10-14 00:00:00</subfield>
    <subfield code="w">2016-10-14</subfield>
    <subfield code="y">BK</subfield>
    <subfield code="z">Data import 15.10.2016 / by Epidotti, Vaglietti</subfield>
  </datafield>
</record>
